01034 2200313 4500001002100000005001500021035002000036007000300056008004100059040002200100100012700122245006100249300005500310504003300365020002200398082001400420084001600434090002200450250003400472264003200506336002100538337003000559338002300589650003000612850001200642999002200654990002200676990002200698INLIS00000000087722720230315101748 a0010-0323000494ta230315b2022 xx a g ind d aYOPDYOGbinderda aNasmi Herlina SariePengarangeNasmi Herlina SariePengarangeNasmi Herlina SariePengarangeNasmi Herlina SariePengarang10aNanoselulosa dari tanaman sembukan /cNasmi Herlina Sari axvi, 175 halaman :bgambar, tabel, grafik ;c23 cm aBibliografi: halaman 147-159 a978-623-02-5320-104223a635.9 a635.9 NAS n aCB-D.11 2022-2639 aCetakan pertama, Oktober 202231aSleman :bDeepublish,c2022 2rdacontentateks 2rdamediaatanpa perantara 2rdacarrieravolume04aSembukan, daun (budidaya) aYOPDYOG aCB-D.11 2022-2639 aCB-D.11/2022-3639 aCB-D.11/2022-2639